000 00429nam a2200145 4500
001 3582
005 20181127171530.0
090 0 0 _a324.23 D7949m
245 0 0 _aManifesto :
_bGrowth with equity & justice /
_cDruk Phuensum Tshogpa.
_h
260 0 0 _a[Thimphu] :
_bDruk Phuensum Tshogpa,
_c[2007].
300 0 0 _a58 p. ; 30 cm.
500 0 0 _a
650 0 0 _aBhutan --Politics and government --2008-2013.
_x
690 _aDruk Phuensum Tshogpa.
999 _c2918
_d2918